Top 20 Most Inland Countries - Statistics

General Stats
  • This quiz has been taken 1,676 times
  • The average score is 16 of 20
Answer Stats
km country miles % Correct
697 Mongolia 433
92%
1288 Tajikistan 800
90%
757 Chad 470
89%
1174 Uzbekistan 730
89%
885 Turkmenistan 550
87%
733 Kazakhstan 455
85%
556 Central African Republic 346
83%
510 Nepal 317
82%
1589 Kyrgyzstan 988
80%
587 Niger 365
77%
582 Paraguay 362
76%
969 Rwanda 602
76%
480 Bhutan 299
75%
932 Burundi 579
73%
449 Afghanistan 279
72%
764 South Sudan 475
70%
759 Uganda 472
70%
597 Zambia 371
68%
452 Botswana 281
64%
477 Burkina Faso 297
53%
No matching quizzes found
Score Distribution
Percent of People with Each Score
Percentile by Number Answered
Your Score History
You have not taken this quiz